000 00657nam a2200181Ia 4500
008 090124s9999 xx 000 0 und d
082 _b6865
_a918
100 _aगडकरी राम गणेश (गोविंदाग्रज)
245 _a संगीत भावबंधन
250 _a8
260 _c1947
300 _a168+48
600 _aगडकरी राम गणेश (गोविंदाग्रज)
630 _a संगीत भावबंधन
700 _aगडकरी राम गणेश (गोविंदाग्रज)
730 _a संगीत भावबंधन
942 _cBOOK
999 _c120806
_d120806